000 00894nmm a2200313 a 4500
003 AR-BaBNM
005 20251128204458.0
008 115119s1994 ||||||||||||||000 | spa||
020 _a950-9658-18-9
040 _cAR-BaBNM
100 1 _aDubovik, Alejandra
245 1 0 _aEl número a través del juego
_buna alternativa constructivista
250 _a2ª ed.
260 _aBuenos Aires
_bActilibro
_c1994
300 0 _a153 p.
_bil., fot.
600 1 4 _aPiaget, Jean
650 4 _aFORMACION DE DOCENTES
650 4 _aENSENANZA DE LAS MATEMATICAS
650 4 _aJUEGOS INFANTILES
650 4 _aJUEGOS EDUCATIVOS
650 4 _aDESARROLLO DEL NINO
653 0 _aEDUCACION INICIAL
653 0 _aJARDINES DE INFANTES
700 1 _aTakaichi, Silvia
700 1 _aMacri, Gustavo
_eilustrador
700 1 _aFornasari de Menegazzo, Lilia
_eprologuista
942 _cBK
998 _cHector
999 _c7583
_d7583